[Event "Budapest Spring op"]
[Site "Budapest"]
[Date "2016.03.25"]
[Round "7"]
[White "Trajber, Csaba"]
[Black "Czipp, Janos"]
[Result "1-0"]
[WhiteElo "2012"]
[BlackElo "1378"]
[PlyCount "61"]
[EventDate "2016.03.18"]
[EventType "swiss"]
[EventRounds "9"]
[EventCountry "HUN"]
[SourceTitle "CBM 171 Extra"]
[Source "ChessBase"]
[SourceDate "2016.04.26"]
[SourceVersion "1"]
[SourceVersionDate "2016.04.26"]
[SourceQuality "1"]

1. e4 e5 2. Nf3 Nc6 3. d4 exd4 4. Nxd4 Bc5 5. Nb3 Be7 6. Nc3 d6 7. Be3 Nf6 8. Be2 0-0 9. g4 Ne5 10. Rg1 Be6 11. g5 Nfd7 12. Nd5 Bxd5 13. exd5 Ng6 14. Qd2 Nc5 15. Nxc5 dxc5 16. 0-0-0 Qd6 17. Rh1 Nh4 18. Bf4 Qb6 19. Qd3 Rad8 20. Qg3 Ng6 21. Bxc7 Qb4 22. Bxd8 Rxd8 23. h4 Bd6 24. Qg4 Bf4+ 25. Kb1 c4 26. c3 Qd6 27. h5 Ne7 28. Bxc4 Qe5 29. g6 Rd6 30. Rhe1 Qg5 31. Qc8+ 1-0

[Event "Budapest Spring op"]
[Site "Budapest"]
[Date "2016.03.22"]
[Round "4"]
[White "Czipp, Janos"]
[Black "Varga, Boldizsar"]
[Result "0-1"]
[WhiteElo "1378"]
[BlackElo "1432"]
[PlyCount "93"]
[EventDate "2016.03.18"]
[EventType "swiss"]
[EventRounds "9"]
[EventCountry "HUN"]
[SourceTitle "CBM 171 Extra"]
[Source "ChessBase"]
[SourceDate "2016.04.26"]
[SourceVersion "1"]
[SourceVersionDate "2016.04.26"]
[SourceQuality "1"]

1. d4 d5 2. Nf3 Nf6 3. e3 e6 4. Bd3 c5 5. c4 Nc6 6. 0-0 Be7 7. a3 0-0 8. dxc5 Bxc5 9. b4 Be7 10. Qc2 a6 11. Bb2 h6 12. Nd4 Nxd4 13. Bxd4 dxc4 14. Bxc4 b5 15. Be2 Bb7 16. f3 Rc8 17. Qb2 Qc7 18. Bd3 Rfd8 19. Nd2 Ne8 20. Ne4 f6 21. Rac1 Qb8 22. Bb1 Bxe4 23. fxe4 Nd6 24. e5 Nc4 25. Qf2 Nxe5 26. h3 Rxc1 27. Rxc1 Nc4 28. Qa2 Rc8 29. Qc2 f5 30. Qc3 Nd6 31. Bc5 Ne4 32. Bxe4 fxe4 33. Qd4 Bxc5 34. bxc5 Qb7 35. Qd6 Qd5 36. Qxa6 Qc6 37. Qa5 Ra8 38. Qc3 Ra4 39. Qb2 Ra6 40. Qb3 Ra4 41. Qc3 Rc4 42. Qd2 Qxc5 43. Rxc4 bxc4 44. Qc3 Qd5 45. g4 Qd3 46. Qxd3 exd3 47. Kf2 0-1

[Event "Budapest Art Pub op 9th"]
[Site "Budapest"]
[Date "2015.11.22"]
[Round "6"]
[White "Czipp, Janos"]
[Black "Kovacs, Laszlo"]
[Result "0-1"]
[WhiteElo "1412"]
[BlackElo "1547"]
[PlyCount "122"]
[EventDate "2015.11.20"]
[EventType "swiss"]
[EventRounds "6"]
[EventCountry "HUN"]
[SourceTitle "CBM 169 Extra"]
[Source "ChessBase"]
[SourceDate "2015.12.18"]
[SourceVersion "1"]
[SourceVersionDate "2015.12.18"]
[SourceQuality "1"]

1. d4 d5 2. c4 e6 3. e3 Nf6 4. a3 c6 5. Nf3 Nbd7 6. b3 Qc7 7. cxd5 exd5 8. Bb2 Ne4 9. Nbd2 f5 10. Nxe4 fxe4 11. Ng5 Nf6 12. h4 Bd6 13. Be2 Bf5 14. g4 Bg6 15. h5 Bf7 16. Rc1 h6 17. Nh3 Nh7 18. b4 a6 19. Rc2 Qe7 20. Kd2 0-0 21. Kc1 a5 22. b5 cxb5 23. Bxb5 Bxa3 24. Kb1 Qb4 25. Bd7 Nf6 26. Bf5 Be8 27. Qc1 Ba4 28. Rc3 Qxb2+ 29. Qxb2 Bxb2 30. Kxb2 Bc6 31. Nf4 Rfd8 32. Rg1 Rd6 33. g5 hxg5 34. Rxg5 Bd7 35. h6 Bxf5 36. Rxg7+ Kh8 37. Ng6+ Bxg6 38. Rxg6 Ne8 39. Rg5 Rd7 40. Rc1 Nf6 41. Rf5 Ng4 42. h7 Nh6 43. Re5 Kxh7 44. Rh1 Kg7 45. Rg1+ Kf6 46. Reg5 Nf7 47. Rg6+ Ke7 48. Rg7 Kd6 49. R1g6+ Kc7 50. Rf6 Ne5 51. Rg1 Nd3+ 52. Ka3 Rd6 53. Rf7+ Kb6 54. Rb1+ Nb4 55. f3 exf3 56. Rxf3 Rc8 57. Rb3 Ka6 58. Rf2 Rc2 59. Rxc2 Nxc2+ 60. Kb2 Nxd4 61. exd4 Rb6 0-1

[Event "Budapest Art Pub op 9th"]
[Site "Budapest"]
[Date "2015.11.21"]
[Round "2"]
[White "Csajbok, Levente Tamas"]
[Black "Czipp, Janos"]
[Result "1-0"]
[WhiteElo "1595"]
[BlackElo "1412"]
[PlyCount "61"]
[EventDate "2015.11.20"]
[EventType "swiss"]
[EventRounds "6"]
[EventCountry "HUN"]
[SourceTitle "CBM 169 Extra"]
[Source "ChessBase"]
[SourceDate "2015.12.18"]
[SourceVersion "1"]
[SourceVersionDate "2015.12.18"]
[SourceQuality "1"]

1. e4 c5 2. Nf3 Nc6 3. d4 cxd4 4. Nxd4 Nf6 5. Nc3 e6 6. Bg5 Be7 7. Ndb5 0-0 8. Bf4 e5 9. Bg3 d6 10. a4 a6 11. Na3 Be6 12. Be2 Rc8 13. 0-0 Rc7 14. f4 exf4 15. Bxf4 Rd7 16. Be3 d5 17. exd5 Nxd5 18. Nxd5 Bxd5 19. Qc1 Bd6 20. Nc4 Bc7 21. Ra3 Re8 22. Bd3 Bxc4 23. Bxc4 Rxe3 24. Rxe3 Bb6 25. Kh1 Bxe3 26. Qxe3 Re7 27. Qf4 Ne5 28. Bb3 Qe8 29. h3 Ng6 30. Qb4 Kf8 31. Rxf7+ 1-0

[Event "Budapest Art Pub op 9th"]
[Site "Budapest"]
[Date "2015.11.20"]
[Round "1"]
[White "Czipp, Janos"]
[Black "Bartuszek, Andras"]
[Result "0-1"]
[WhiteElo "1412"]
[BlackElo "1866"]
[PlyCount "58"]
[EventDate "2015.11.20"]
[EventType "swiss"]
[EventRounds "6"]
[EventCountry "HUN"]
[SourceTitle "CBM 169 Extra"]
[Source "ChessBase"]
[SourceDate "2015.12.18"]
[SourceVersion "1"]
[SourceVersionDate "2015.12.18"]
[SourceQuality "1"]

1. d4 Nf6 2. Nf3 g6 3. e3 Bg7 4. Bd3 d6 5. 0-0 0-0 6. Nbd2 c6 7. Re1 b5 8. b3 a5 9. Bb2 Qc7 10. c4 b4 11. e4 Nfd7 12. e5 Na6 13. Nf1 dxe5 14. dxe5 Nac5 15. Bc2 Ne6 16. Qd2 Rd8 17. Rad1 Nxe5 18. Qc1 Nxf3+ 19. gxf3 Nd4 20. Bxd4 Rxd4 21. Qe3 Rxd1 22. Rxd1 Be6 23. Ng3 Rd8 24. Bd3 c5 25. Ne4 Bd4 26. Qe2 Qf4 27. Ng3 h5 28. Be4 h4 29. Qd3 Bxf2+ 0-1

[Event "Budapest op 4th"]
[Site "Budapest"]
[Date "2014.08.17"]
[Round "2"]
[White "Abraham, Lajos"]
[Black "Czipp, Janos"]
[Result "1-0"]
[WhiteElo "1803"]
[BlackElo "1382"]
[PlyCount "73"]
[EventDate "2014.08.16"]
[EventType "swiss"]
[EventRounds "9"]
[EventCountry "HUN"]
[SourceTitle "CBM 161 Extra"]
[Source "ChessBase"]
[SourceDate "2014.08.29"]
[SourceVersion "1"]
[SourceVersionDate "2014.08.29"]
[SourceQuality "1"]

1. Nf3 d5 2. e3 Nf6 3. b3 Bf5 4. Bb2 e6 5. Be2 Be7 6. 0-0 Nbd7 7. c4 0-0 8. Nc3 Nc5 9. cxd5 Nxd5 10. Ba3 c6 11. Nh4 Qa5 12. Nxf5 exf5 13. Nxd5 cxd5 14. Bb2 Ne4 15. d3 Nf6 16. a3 Rfc8 17. b4 Qd8 18. Qb3 Qd6 19. Rac1 Bd8 20. Bf3 Bc7 21. g3 Rd8 22. Rc2 Rd7 23. Rfc1 Rad8 24. Rc5 b6 25. Rc6 Qe7 26. Bd4 Ne8 27. Qc3 f6 28. Bh5 Nd6 29. Rxc7 g6 30. Bf3 Ne8 31. Bxd5+ Kf8 32. Rxd7 Rxd7 33. Bc6 Rc7 34. b5 Nd6 35. Bxf6 Qe6 36. Qe5 Qc8 37. Qxd6+ 1-0

[Event "Budapest FS10 FM-B"]
[Site "Budapest"]
[Date "2013.10.15"]
[Round "11"]
[White "Mayer, Istvan"]
[Black "Czipp, Janos"]
[Result "1-0"]
[WhiteElo "2068"]
[BlackElo "1418"]
[PlyCount "57"]
[EventDate "2013.10.05"]
[EventType "tourn"]
[EventRounds "11"]
[EventCountry "HUN"]
[SourceTitle "EXT 2014"]
[Source "ChessBase"]
[SourceDate "2013.11.20"]
[SourceVersion "1"]
[SourceVersionDate "2013.11.20"]
[SourceQuality "1"]

1. e4 g6 2. d4 d6 3. Bc4 Nf6 4. Qe2 e5 5. dxe5 dxe5 6. Bg5 Bg7 7. h4 h6 8. Bd2 Qd4 9. Nc3 0-0 10. 0-0-0 Qc5 11. a3 Nc6 12. Nb5 Nd4 13. Nxd4 exd4 14. Bb4 Qb6 15. Bxf8 Kxf8 16. e5 Ng4 17. Nf3 Bf5 18. Rxd4 Re8 19. Rhd1 c6 20. Bb3 Qc7 21. Qc4 b5 22. Qc5+ Kg8 23. Rd6 Bf8 24. Rxc6 Bxc5 25. Rxc7 Be7 26. Nd4 Nxe5 27. Nxf5 gxf5 28. Re1 Kf8 29. Rxe5 1-0

[Event "Budapest FS10 FM-B"]
[Site "Budapest"]
[Date "2013.10.12"]
[Round "8"]
[White "Czipp, Janos"]
[Black "Szlenka, Attila"]
[Result "0-1"]
[WhiteElo "1418"]
[BlackElo "1812"]
[PlyCount "80"]
[EventDate "2013.10.05"]
[EventType "tourn"]
[EventRounds "11"]
[EventCountry "HUN"]
[SourceTitle "EXT 2014"]
[Source "ChessBase"]
[SourceDate "2013.11.20"]
[SourceVersion "1"]
[SourceVersionDate "2013.11.20"]
[SourceQuality "1"]

1. d4 g6 2. Nf3 Bg7 3. e3 Nf6 4. Nbd2 0-0 5. Bd3 d6 6. 0-0 Nc6 7. a3 e5 8. d5 Nxd5 9. c4 Nde7 10. Be4 Kh8 11. Bd5 Nxd5 12. cxd5 Ne7 13. Ne4 h6 14. h3 f5 15. Ng3 c5 16. e4 g5 17. Nxg5 f4 18. Qh5 Kg8 19. Nf3 Bd7 20. Nh4 fxg3 21. Bxh6 gxf2+ 22. Rxf2 Rxf2 23. Bxg7 Kxg7 24. Qg5+ Kf8 25. Kxf2 Bb5 26. Kg1 Ng8 27. Ng6+ Ke8 28. Qh5 Nf6 29. Qh6 Kf7 30. a4 Ba6 31. Ra3 Qg8 32. Rg3 Qh7 33. Qe3 Rg8 34. Nxe5+ dxe5 35. Rxg8 Qxg8 36. Qxc5 Qd8 37. Qf2 Qb6 38. a5 Qxf2+ 39. Kxf2 Bd3 40. g4 Bxe4 0-1

[Event "Budapest Spring op 29th"]
[Site "Budapest"]
[Date "2013.03.18"]
[Round "1"]
[White "Czipp, Janos"]
[Black "Cross, Ted"]
[Result "0-1"]
[WhiteElo "1426"]
[BlackElo "2041"]
[PlyCount "92"]
[EventDate "2013.03.18"]
[EventType "swiss"]
[EventRounds "9"]
[EventCountry "HUN"]
[SourceTitle "CBM 153 Extra"]
[Source "ChessBase"]
[SourceDate "2013.04.22"]
[SourceVersion "1"]
[SourceVersionDate "2013.04.22"]
[SourceQuality "1"]

1. d4 Nf6 2. c4 e6 3. Nc3 Bb4 4. e3 c5 5. Nf3 0-0 6. Bd3 d5 7. 0-0 Bxc3 8. bxc3 Nc6 9. cxd5 exd5 10. dxc5 Qa5 11. a4 Bg4 12. Bb2 Rfd8 13. Be2 Rd7 14. Nd4 Bxe2 15. Qxe2 Qxc5 16. Rfc1 Ne5 17. Ba3 Qc4 18. Qc2 Rc8 19. Nf5 Qc7 20. Bd6 Rxd6 21. Nxd6 Qxd6 22. Qf5 Re8 23. Rab1 b6 24. Rb4 g6 25. Qc2 Rc8 26. f3 Qc5 27. Kf2 Re8 28. Rd4 Nc6 29. Rd3 Rc8 30. Qd2 Ne5 31. Rd4 Re8 32. Re1 Qc7 33. Kg1 Nc4 34. Qc1 Nd6 35. Re2 h6 36. Qe1 Re5 37. Qc1 Kg7 38. Qc2 Nf5 39. Rd3 Qc5 40. Kf2 Nd6 41. Rd4 Rf5 42. Ke1 Rh5 43. h3 Re5 44. Kf2 Re7 45. Kf1 Nf5 46. e4 Nxd4 0-1

[Event "Budapest FS12 FM-B"]
[Site "Budapest"]
[Date "2012.12.07"]
[Round "6"]
[White "Nemeth, Otto"]
[Black "Czipp, Janos"]
[Result "1-0"]
[WhiteElo "1781"]
[BlackElo "1445"]
[PlyCount "91"]
[EventDate "2012.12.01"]
[EventType "tourn"]
[EventRounds "10"]
[EventCountry "HUN"]
[SourceTitle "EXT 2014"]
[Source "ChessBase"]
[SourceDate "2013.11.20"]
[SourceVersion "1"]
[SourceVersionDate "2013.11.20"]
[SourceQuality "1"]

1. e4 c5 2. Bc4 Nc6 3. Nc3 Na5 4. Be2 e6 5. Bf3 b6 6. d3 Nc6 7. Be3 Nf6 8. Nge2 Qc7 9. Nb5 Qb8 10. c4 a6 11. Nbc3 Ne5 12. Ng3 Nxf3+ 13. Qxf3 Bb7 14. a4 a5 15. Bf4 e5 16. Bg5 Be7 17. Nf5 Rg8 18. g3 h6 19. Nxg7+ Rxg7 20. Bxf6 Bxf6 21. Qxf6 Rg6 22. Qh8+ Ke7 23. Qxb8 Rxb8 24. Ke2 Ba8 25. Raf1 Rf8 26. f4 exf4 27. Rxf4 Re6 28. Rhf1 f6 29. Kd2 Bc6 30. b3 Re5 31. Rh4 h5 32. Ne2 d6 33. Nf4 Be8 34. h3 Rg8 35. g4 Rgg5 36. Nd5+ Rxd5 37. exd5 Bg6 38. Re1+ Kd7 39. Rf1 Ke7 40. Rf4 Re5 41. Rf3 Rg5 42. Ke2 Be8 43. Re3+ Kd7 44. Re6 hxg4 45. hxg4 Rg6 46. Rh7+ 1-0

[Event "Budapest FS12 FM-B"]
[Site "Budapest"]
[Date "2012.12.01"]
[Round "1"]
[White "Czipp, Janos"]
[Black "Nemeth, Otto"]
[Result "0-1"]
[WhiteElo "1445"]
[BlackElo "1781"]
[PlyCount "104"]
[EventDate "2012.12.01"]
[EventType "tourn"]
[EventRounds "10"]
[EventCountry "HUN"]
[SourceTitle "EXT 2014"]
[Source "ChessBase"]
[SourceDate "2013.11.20"]
[SourceVersion "1"]
[SourceVersionDate "2013.11.20"]
[SourceQuality "1"]

1. e4 c5 2. Nf3 d6 3. d4 cxd4 4. Nxd4 Nc6 5. Nc3 Bd7 6. Be3 Rc8 7. Qd2 a6 8. 0-0-0 Nf6 9. h3 h5 10. f4 e6 11. Be2 Qc7 12. Nb3 b5 13. Bf3 Be7 14. g4 h4 15. f5 Ne5 16. Be2 b4 17. Bxa6 bxc3 18. bxc3 Ra8 19. Qe2 Nxe4 20. Bd4 Ng3 21. Qg2 Bc6 22. Bb5 Rc8 23. Bxc6+ Qxc6 24. Qxc6+ Rxc6 25. Rhe1 exf5 26. gxf5 Nxf5 27. Bxe5 dxe5 28. Rxe5 g6 29. Rd3 Kf8 30. Nd4 Nxd4 31. cxd4 Bf6 32. Re2 Kg7 33. c3 Rd8 34. Rc2 Rb6 35. Rb2 Rc6 36. Rc2 g5 37. Kd2 Kg6 38. d5 Rc4 39. Rb2 Rf4 40. d6 Rd7 41. Ke3 Rc4 42. Kd2 Be5 43. Rb6 Ra4 44. Kc2 Rxa2+ 45. Kb3 Ra1 46. Kc4 Ra8 47. Rd5 Rc8+ 48. Rc5 Rxc5+ 49. Kxc5 g4 50. hxg4 h3 51. Kd5 f6 52. c4 Rxd6+ 0-1

[Event "Budapest FS07 FM-B"]
[Site "Budapest"]
[Date "2012.07.13"]
[Round "7"]
[White "Nemeth, Otto"]
[Black "Czipp, Janos"]
[Result "0-1"]
[WhiteElo "1837"]
[BlackElo "1414"]
[PlyCount "125"]
[EventDate "2012.07.07"]
[EventType "tourn"]
[EventRounds "11"]
[EventCountry "HUN"]
[SourceTitle "CBM 149 Extra"]
[Source "ChessBase"]
[SourceDate "2012.08.24"]
[SourceVersion "1"]
[SourceVersionDate "2012.08.24"]
[SourceQuality "1"]

1. e4 g6 2. d4 Bg7 3. Be3 d6 4. Nc3 Nf6 5. h3 e5 6. dxe5 Nxe4 7. Nxe4 Bxe5 8. Bd4 Qe7 9. Be2 0-0 10. Nf3 Bf5 11. Nc3 Nc6 12. Nd5 Qd8 13. Ne3 Nxd4 14. Nxe5 dxe5 15. c3 Nc6 16. Qxd8 Raxd8 17. Nxf5 gxf5 18. Rd1 Rd6 19. Rxd6 cxd6 20. f3 b6 21. Kf2 Kg7 22. Rd1 Rd8 23. b4 Ne7 24. a4 d5 25. Rb1 d4 26. c4 d3 27. Rd1 e4 28. Bf1 Nc6 29. Ke3 Nxb4 30. fxe4 Nc2+ 31. Kf4 fxe4 32. Kxe4 Rd4+ 33. Kf3 Rxc4 34. Bxd3 Nd4+ 35. Ke3 Rxa4 36. Bb1 Ne6 37. Rd7 h6 38. Bf5 Kf6 39. Bg4 Ra5 40. Rd6 Re5+ 41. Kf2 Ke7 42. Rc6 Rc5 43. Rxc5 Nxc5 44. Ke3 Kd6 45. Kd4 Ne6+ 46. Kc4 a6 47. Bf3 Nc5 48. Kb4 Ke5 49. Bh5 Kf6 50. Be2 Kg5 51. Bf3 f5 52. Kc4 h5 53. Kd5 Ne4 54. Kc6 b5 55. Kb6 b4 56. Bd1 Kf4 57. Kxa6 b3 58. Ka5 b2 59. Bc2 Nc3 60. Kb4 b1Q+ 61. Kxc3 Qe1+ 62. Kd4 Qf2+ 63. Kd3 0-1

[Event "Budapest FS07 FM-B"]
[Site "Budapest"]
[Date "2012.07.12"]
[Round "6"]
[White "Czipp, Janos"]
[Black "Olah, Laszlo Istvan"]
[Result "1-0"]
[WhiteElo "1414"]
[BlackElo "1635"]
[PlyCount "53"]
[EventDate "2012.07.07"]
[EventType "tourn"]
[EventRounds "11"]
[EventCountry "HUN"]
[SourceTitle "CBM 149 Extra"]
[Source "ChessBase"]
[SourceDate "2012.08.24"]
[SourceVersion "1"]
[SourceVersionDate "2012.08.24"]
[SourceQuality "1"]

1. d4 Nf6 2. c4 g6 3. Nf3 Bg7 4. Nc3 0-0 5. e4 d6 6. h3 c5 7. dxc5 dxc5 8. Bd3 Nc6 9. Be3 Qa5 10. 0-0 Rd8 11. Qe2 Nd7 12. Nd5 Nde5 13. Bd2 Qa4 14. b3 Qa3 15. Nxe5 Nxe5 16. Nxe7+ Kf8 17. Nd5 Nxd3 18. Qxd3 Bxa1 19. Rxa1 Be6 20. Bh6+ Ke8 21. Nc7+ Ke7 22. Nd5+ Bxd5 23. exd5 Qb2 24. Re1+ Kd7 25. Qf3 f5 26. d6 Rab8 27. Qd5 1-0

[Event "Budapest FS07 FM-B"]
[Site "Budapest"]
[Date "2012.07.10"]
[Round "4"]
[White "Czipp, Janos"]
[Black "Balla, Attila"]
[Result "1-0"]
[WhiteElo "1414"]
[BlackElo "1782"]
[PlyCount "123"]
[EventDate "2012.07.07"]
[EventType "tourn"]
[EventRounds "11"]
[EventCountry "HUN"]
[SourceTitle "CBM 149 Extra"]
[Source "ChessBase"]
[SourceDate "2012.08.24"]
[SourceVersion "1"]
[SourceVersionDate "2012.08.24"]
[SourceQuality "1"]

1. d4 d5 2. c4 e6 3. Nf3 Nf6 4. Nc3 c6 5. Bg5 dxc4 6. e3 b5 7. a4 Bb4 8. Nd2 Bd7 9. Qf3 Qa5 10. Rc1 Nd5 11. e4 Nxc3 12. bxc3 Ba3 13. Rb1 Qxa4 14. Ra1 a5 15. Be2 b4 16. Bxc4 bxc3 17. Qxc3 Bb4 18. Qc1 Bxd2+ 19. Bxd2 Qxa1 20. Qxa1 0-0 21. 0-0 a4 22. Bb4 Rc8 23. Rb1 Be8 24. Bd6 Nd7 25. Qa3 Nf6 26. f3 Rd8 27. e5 Nd5 28. Bxd5 cxd5 29. g4 Rdc8 30. Bc5 f6 31. f4 Bg6 32. Rb7 fxe5 33. fxe5 Bc2 34. Qf3 Bg6 35. h4 Rcb8 36. Rxb8+ Rxb8 37. Qf2 h6 38. h5 Be4 39. Kh2 Rb3 40. Qa2 Re3 41. Qxa4 Re2+ 42. Kg1 Rg2+ 43. Kf1 Rxg4 44. Qe8+ Kh7 45. Qxe6 Rf4+ 46. Ke1 Rh4 47. Qd7 Rxh5 48. Bf8 Rg5 49. Qa7 Rg6 50. Be7 h5 51. Qd7 Rh6 52. Bf6 Rg6 53. Be7 Rh6 54. Qh3 h4 55. e6 Rh5 56. Qg4 g6 57. Bg5 Bf5 58. Qf4 Bxe6 59. Qc7+ Kg8 60. Qd8+ Kg7 61. Bf6+ Kh7 62. Qh8# 1-0

[Event "Budapest FS02 FM-B"]
[Site "Budapest"]
[Date "2012.02.06"]
[Round "3"]
[White "Czipp, Janos"]
[Black "Mayer, Istvan"]
[Result "0-1"]
[WhiteElo "1422"]
[BlackElo "2069"]
[PlyCount "51"]
[EventDate "2012.02.04"]
[EventType "tourn"]
[EventRounds "9"]
[EventCountry "HUN"]
[SourceTitle "CBM 146 Extra"]
[Source "ChessBase"]
[SourceDate "2012.02.29"]
[SourceVersion "1"]
[SourceVersionDate "2012.02.29"]
[SourceQuality "1"]

1. d4 d5 2. c4 dxc4 3. Nc3 a6 4. a4 Nc6 5. e3 Na5 6. Nf3 Nf6 7. Nd2 e5 8. Nxc4 exd4 9. Qxd4 Qxd4 10. exd4 Nb3 11. Rb1 Bf5 12. Kd1 Bxb1 13. Nxb1 Nxc1 14. Kxc1 0-0-0 15. Ne5 Rxd4 16. Bc4 Bd6 17. Re1 Bxe5 18. Bxf7 Bd6 19. b3 Rf8 20. Be6+ Kb8 21. Bc4 Bxh2 22. f3 Bg3 23. Re2 Rfd8 24. Kb2 Nd7 25. Na3 Ne5 26. Rc2 0-1